Ḍer gham, (Record no. 67570)

MARC details
000 -LEADER
fixed length control field 00641cam a22002291 4500
001 - CONTROL NUMBER
control field sa 66001062
003 - CONTROL NUMBER IDENTIFIER
control field DLC
005 - DATE AND TIME OF LATEST TRANSACTION
control field 20260227112219.0
008 - FIXED-LENGTH DATA ELEMENTS--GENERAL INFORMATION
fixed length control field 960920s196u pk 000 0 pusr
010 ## - LIBRARY OF CONGRESS CONTROL NUMBER
LC control number sa 66001062
025 ## - OVERSEAS ACQUISITION NUMBER
Overseas acquisition number PL480:P-Pushto-158
035 ## - SYSTEM CONTROL NUMBER
System control number (OCoLC)35598944
040 ## - CATALOGING SOURCE
Original cataloging agency DLC
Transcribing agency CLU
Modifying agency CLU
-- DLC
042 ## - AUTHENTICATION CODE
Authentication code premarc
050 00 - LIBRARY OF CONGRESS CALL NUMBER
Classification number PK6820.J29
Item number D4
100 0# - MAIN ENTRY--PERSONAL NAME
Personal name Jamāl.
245 10 - TITLE STATEMENT
Title Ḍer gham,
Remainder of title Qiṣṣah da Muʼmin Khān Shīrīnạy.
Statement of responsibility, etc. Written by Jamāl poet.
246 3# - VARYING FORM OF TITLE
Title proper/short title Muʼmin Khān Shīrīnạy
260 ## - PUBLICATION, DISTRIBUTION, ETC.
Place of publication, distribution, etc. Pishāwar,
Name of publisher, distributor, etc. lslāmī Kutubʼkhānah
Date of publication, distribution, etc. [196-?]
300 ## - PHYSICAL DESCRIPTION
Extent 96 p.
Dimensions 18 cm.
500 ## - GENERAL NOTE
General note Poems.

No items available.

Powered by Koha